Statistics for Foods that end with B

Click here to take the quiz!

General Stats

  • This quiz has been taken 44 times
  • The average score is 3 of 6

Answer Stats

Answer% Correct
Crab
95%
Lamb
77%
Kebab
62%
Grub
28%
Prime Rib
13%
Shish Kebab
13%

Score Distribution

Percentile by Number Answered

Percent of People with Each Score

Your Score History

You have not taken this quiz